Statistics for Countries Most Similar To Afghanistan

Click here to take the quiz!

General Stats

  • This quiz has been taken 134 times
  • The average score is 12 of 20

Answer Stats

RankCountryScore% Correct
3Iran70.2
94%
2Pakistan70.4
94%
1Tajikistan71.1
89%
7Iraq66.8
85%
14Uzbekistan64.0
84%
9Syria65.1
81%
4Yemen69.7
79%
18Turkmenistan63.1
73%
15Kyrgyzstan63.6
61%
10Egypt64.8
60%
11Algeria64.5
58%
15Morocco63.6
56%
12Libya64.2
53%
8Somalia65.6
50%
6Sudan67.7
49%
20Niger62.3
38%
15Chad63.6
36%
5Mauritania69.0
36%
13Djibouti64.1
30%
19Palestine62.4
23%

Score Distribution

Percentile by Number Answered

Percent of People with Each Score

Your Score History

You have not taken this quiz